000 00596nam a2200193Ia 4500
001 11899
003 GE_BSU
008 181216s||||||||xx |||||||||||||| ||und||
040 _cGE_BSU
080 _a58
245 _aРастительный мир земли. в 2-х томах. Т.1
245 _cпер. с немецк.Под ред.Ф.Фукарека.Перевод и предисл. Сладкова А.Н.
260 _aМосква
260 _bМир
260 _c1982
300 _a133стр.25см.илл.
653 _aРастительный мир земли
942 _cBK
999 _c45076
_d45076